| 000 | 00381nam a2200133Ia 4500 | ||
|---|---|---|---|
| 999 |
_c14716 _d14716 |
||
| 082 | _aRR 025.260202 VAN | ||
| 100 | _aVanwijngaer-den, Frans ed. | ||
| 245 | 0 | _aHandbook on the international exchange eof publications | |
| 250 | _a4th edn. | ||
| 260 |
_aParis _bUNESCO _c1978 |
||
| 300 | _a165p. | ||
| 440 | _aDocumentation, Libs and Archives : Bib. and Ref works,No.4 | ||
| 942 | _cBK | ||